<?xml version="1.0" encoding="UTF-8"?>
<record
    xmlns:xsi="http://www.w3.org/2001/XMLSchema-instance"
    xsi:schemaLocation="http://www.loc.gov/MARC21/slim http://www.loc.gov/standards/marcxml/schema/MARC21slim.xsd"
    xmlns="http://www.loc.gov/MARC21/slim">

  <leader>01051cam a2200205   4500</leader>
  <controlfield tag="005">20150319152107.0</controlfield>
  <controlfield tag="008">021127s1994    mx      r    u000 0 spa d</controlfield>
  <datafield tag="020" ind1=" " ind2=" ">
    <subfield code="a">9682959837 o.c.</subfield>
  </datafield>
  <datafield tag="050" ind1="0" ind2="4">
    <subfield code="a">F1234 L6 1994</subfield>
    <subfield code="b">A2 1994</subfield>
  </datafield>
  <datafield tag="100" ind1="1" ind2=" ">
    <subfield code="a">Lombardo Toledano, Vicente</subfield>
  </datafield>
  <datafield tag="245" ind1="1" ind2="0">
    <subfield code="a">Obra hist&#xF3;rico-cronol&#xF3;gica /</subfield>
    <subfield code="c">Vicente Lombardo Toledano.</subfield>
  </datafield>
  <datafield tag="260" ind1=" " ind2=" ">
    <subfield code="a">M&#xE9;xico :</subfield>
    <subfield code="b">Centro de Estudios Filos&#xF3;ficos Pol&#xED;ticos y Sociales "Vicente Lombardo Toledano",</subfield>
    <subfield code="c">1994</subfield>
  </datafield>
  <datafield tag="300" ind1=" " ind2=" ">
    <subfield code="a">6v. ;</subfield>
    <subfield code="c">23 cm.</subfield>
  </datafield>
  <datafield tag="505" ind1="1" ind2=" ">
    <subfield code="a">Contenido : t. 1 vol. 1. 1917-1923 -- t. 1 vol. 2. 1923-1926 -- t. 1 vol. 3. 1926-1927 -- t. 1 vol. 4. 1927-1928 -- t. 2 vol. 1. 1929-1930 -- t. 2 vol. 2. 1931 -- t. 2 vol. 3. 1932 -- t. 2 vol. 4. 1933 -- t. 3 vol. 1. 1934 -- t. 3 vol. 2. 1934 -- t. 3 vol. 3. 1935 -- t. 3 vol. 4. 1936 -- t. 3 vol. 5. 1937 -- t. 3. vol. 6. 1937.</subfield>
  </datafield>
  <datafield tag="650" ind1="1" ind2="0">
    <subfield code="a">Sindicatos </subfield>
    <subfield code="z">M&#xE9;xico </subfield>
    <subfield code="x">Actividad pol&#xED;tica</subfield>
  </datafield>
  <datafield tag="650" ind1="2" ind2="0">
    <subfield code="a">Movimientos laborales </subfield>
    <subfield code="z">M&#xE9;xico</subfield>
  </datafield>
  <datafield tag="651" ind1=" " ind2="0">
    <subfield code="a">M&#xE9;xico </subfield>
    <subfield code="x">Polit&#xED;ca y gobierno </subfield>
    <subfield code="y">1910-1946</subfield>
  </datafield>
  <datafield tag="700" ind1="1" ind2=" ">
    <subfield code="a">Lombardo, Marcela, coord.</subfield>
  </datafield>
  <datafield tag="942" ind1=" " ind2=" ">
    <subfield code="2">lcc</subfield>
    <subfield code="c">LIB</subfield>
  </datafield>
  <datafield tag="999" ind1=" " ind2=" ">
    <subfield code="c">66997</subfield>
    <subfield code="d">66997</subfield>
  </datafield>
  <datafield tag="952" ind1=" " ind2=" ">
    <subfield code="1">0</subfield>
    <subfield code="2">lcc</subfield>
    <subfield code="4">0</subfield>
    <subfield code="7">0</subfield>
    <subfield code="a">BACH-003</subfield>
    <subfield code="b">BACH-003</subfield>
    <subfield code="c">GENERAL</subfield>
    <subfield code="d">2015-03-17</subfield>
    <subfield code="k">EH</subfield>
    <subfield code="o">F1234 L6 1994 </subfield>
    <subfield code="p">BPCS000002182</subfield>
    <subfield code="r">2015-03-17 00:00:00</subfield>
    <subfield code="t">C : 1  T:1 V:4</subfield>
    <subfield code="y">LIB</subfield>
  </datafield>
  <datafield tag="952" ind1=" " ind2=" ">
    <subfield code="1">0</subfield>
    <subfield code="2">lcc</subfield>
    <subfield code="4">0</subfield>
    <subfield code="7">0</subfield>
    <subfield code="a">BACH-003</subfield>
    <subfield code="b">BACH-003</subfield>
    <subfield code="c">GENERAL</subfield>
    <subfield code="d">2015-03-17</subfield>
    <subfield code="k">EH</subfield>
    <subfield code="o">F1234 L6 1994 </subfield>
    <subfield code="p">BPCS000002181</subfield>
    <subfield code="r">2015-03-17 00:00:00</subfield>
    <subfield code="t">C : 1  T:1 V:3</subfield>
    <subfield code="y">LIB</subfield>
  </datafield>
  <datafield tag="952" ind1=" " ind2=" ">
    <subfield code="1">0</subfield>
    <subfield code="2">lcc</subfield>
    <subfield code="4">0</subfield>
    <subfield code="7">0</subfield>
    <subfield code="a">BACH-003</subfield>
    <subfield code="b">BACH-003</subfield>
    <subfield code="c">GENERAL</subfield>
    <subfield code="d">2015-03-17</subfield>
    <subfield code="k">EH</subfield>
    <subfield code="o">F1234 L6 1994 </subfield>
    <subfield code="p">BPCS000002180</subfield>
    <subfield code="r">2015-03-17 00:00:00</subfield>
    <subfield code="t">C : 1  T:1 V:2</subfield>
    <subfield code="y">LIB</subfield>
  </datafield>
  <datafield tag="952" ind1=" " ind2=" ">
    <subfield code="1">0</subfield>
    <subfield code="2">lcc</subfield>
    <subfield code="4">0</subfield>
    <subfield code="7">0</subfield>
    <subfield code="a">BACH-003</subfield>
    <subfield code="b">BACH-003</subfield>
    <subfield code="c">GENERAL</subfield>
    <subfield code="d">2015-03-17</subfield>
    <subfield code="k">EH</subfield>
    <subfield code="o">F1234 L6 1994 </subfield>
    <subfield code="p">BPCS000002179</subfield>
    <subfield code="r">2015-03-17 00:00:00</subfield>
    <subfield code="t">C : 1  T:1 V:1</subfield>
    <subfield code="y">LIB</subfield>
  </datafield>
  <datafield tag="952" ind1=" " ind2=" ">
    <subfield code="1">0</subfield>
    <subfield code="2">lcc</subfield>
    <subfield code="4">0</subfield>
    <subfield code="7">0</subfield>
    <subfield code="a">BACH-003</subfield>
    <subfield code="b">BACH-003</subfield>
    <subfield code="c">GENERAL</subfield>
    <subfield code="d">2015-03-17</subfield>
    <subfield code="k">EH</subfield>
    <subfield code="o">F1234 L6 1994 </subfield>
    <subfield code="p">BPCS000002177</subfield>
    <subfield code="r">2015-03-17 00:00:00</subfield>
    <subfield code="t">C : 1  T:2 V:2</subfield>
    <subfield code="y">LIB</subfield>
  </datafield>
  <datafield tag="952" ind1=" " ind2=" ">
    <subfield code="1">0</subfield>
    <subfield code="2">lcc</subfield>
    <subfield code="4">0</subfield>
    <subfield code="7">0</subfield>
    <subfield code="a">BACH-003</subfield>
    <subfield code="b">BACH-003</subfield>
    <subfield code="c">GENERAL</subfield>
    <subfield code="d">2015-03-17</subfield>
    <subfield code="k">EH</subfield>
    <subfield code="o">F1234 L6 1994 </subfield>
    <subfield code="p">BPCS000002176</subfield>
    <subfield code="r">2015-03-17 00:00:00</subfield>
    <subfield code="t">C : 1  T:2 V:3</subfield>
    <subfield code="y">LIB</subfield>
  </datafield>
  <datafield tag="952" ind1=" " ind2=" ">
    <subfield code="1">0</subfield>
    <subfield code="2">lcc</subfield>
    <subfield code="4">0</subfield>
    <subfield code="7">0</subfield>
    <subfield code="a">BACH-003</subfield>
    <subfield code="b">BACH-003</subfield>
    <subfield code="c">GENERAL</subfield>
    <subfield code="d">2015-03-17</subfield>
    <subfield code="k">EH</subfield>
    <subfield code="o">F1234 L6 1994 </subfield>
    <subfield code="p">BPCS000002175</subfield>
    <subfield code="r">2015-03-17 00:00:00</subfield>
    <subfield code="t">C : 1  T:2 V:4</subfield>
    <subfield code="y">LIB</subfield>
  </datafield>
  <datafield tag="952" ind1=" " ind2=" ">
    <subfield code="1">0</subfield>
    <subfield code="2">lcc</subfield>
    <subfield code="4">0</subfield>
    <subfield code="7">0</subfield>
    <subfield code="a">BACH-003</subfield>
    <subfield code="b">BACH-003</subfield>
    <subfield code="c">GENERAL</subfield>
    <subfield code="d">2015-03-17</subfield>
    <subfield code="k">EH</subfield>
    <subfield code="o">F1234 L6 1994 </subfield>
    <subfield code="p">BPCS000002174</subfield>
    <subfield code="r">2015-03-17 00:00:00</subfield>
    <subfield code="t">C : 1  T:3 V:1</subfield>
    <subfield code="y">LIB</subfield>
  </datafield>
  <datafield tag="952" ind1=" " ind2=" ">
    <subfield code="1">0</subfield>
    <subfield code="2">lcc</subfield>
    <subfield code="4">0</subfield>
    <subfield code="7">0</subfield>
    <subfield code="a">BACH-003</subfield>
    <subfield code="b">BACH-003</subfield>
    <subfield code="c">GENERAL</subfield>
    <subfield code="d">2015-03-17</subfield>
    <subfield code="k">EH</subfield>
    <subfield code="o">F1234 L6 1994 </subfield>
    <subfield code="p">BPCS000002173</subfield>
    <subfield code="r">2015-03-17 00:00:00</subfield>
    <subfield code="t">C : 1  T:3 V:2</subfield>
    <subfield code="y">LIB</subfield>
  </datafield>
  <datafield tag="952" ind1=" " ind2=" ">
    <subfield code="1">0</subfield>
    <subfield code="2">lcc</subfield>
    <subfield code="4">0</subfield>
    <subfield code="7">0</subfield>
    <subfield code="a">BACH-003</subfield>
    <subfield code="b">BACH-003</subfield>
    <subfield code="c">GENERAL</subfield>
    <subfield code="d">2015-03-17</subfield>
    <subfield code="k">EH</subfield>
    <subfield code="o">F1234 L6 1994 </subfield>
    <subfield code="p">BPCS000002172</subfield>
    <subfield code="r">2015-03-17 00:00:00</subfield>
    <subfield code="t">C : 1  T:3 V:3</subfield>
    <subfield code="y">LIB</subfield>
  </datafield>
  <datafield tag="952" ind1=" " ind2=" ">
    <subfield code="1">0</subfield>
    <subfield code="2">lcc</subfield>
    <subfield code="4">0</subfield>
    <subfield code="7">0</subfield>
    <subfield code="a">BACH-003</subfield>
    <subfield code="b">BACH-003</subfield>
    <subfield code="c">GENERAL</subfield>
    <subfield code="d">2015-03-17</subfield>
    <subfield code="k">EH</subfield>
    <subfield code="o">F1234 L6 1994 </subfield>
    <subfield code="p">BPCS000002171</subfield>
    <subfield code="r">2015-03-17 00:00:00</subfield>
    <subfield code="t">C : 1  T:3 V:4</subfield>
    <subfield code="y">LIB</subfield>
  </datafield>
  <datafield tag="952" ind1=" " ind2=" ">
    <subfield code="1">0</subfield>
    <subfield code="2">lcc</subfield>
    <subfield code="4">0</subfield>
    <subfield code="7">0</subfield>
    <subfield code="a">BACH-003</subfield>
    <subfield code="b">BACH-003</subfield>
    <subfield code="c">GENERAL</subfield>
    <subfield code="d">2015-03-17</subfield>
    <subfield code="k">EH</subfield>
    <subfield code="o">F1234 L6 1994 </subfield>
    <subfield code="p">BPCS000002170</subfield>
    <subfield code="r">2015-03-17 00:00:00</subfield>
    <subfield code="t">C : 1  T:3 V:5</subfield>
    <subfield code="y">LIB</subfield>
  </datafield>
  <datafield tag="952" ind1=" " ind2=" ">
    <subfield code="1">0</subfield>
    <subfield code="2">lcc</subfield>
    <subfield code="4">0</subfield>
    <subfield code="7">0</subfield>
    <subfield code="a">BACH-003</subfield>
    <subfield code="b">BACH-003</subfield>
    <subfield code="c">GENERAL</subfield>
    <subfield code="d">2015-03-17</subfield>
    <subfield code="k">EH</subfield>
    <subfield code="o">F1234 L6 1994 </subfield>
    <subfield code="p">BPCS000002169</subfield>
    <subfield code="r">2015-03-17 00:00:00</subfield>
    <subfield code="t">C : 1  T:3 V:6</subfield>
    <subfield code="y">LIB</subfield>
  </datafield>
</record>
